Gary Oldman - Sudden Death - Statistics

General Stats
  • This quiz has been taken 188 times
  • The average score is 7 of 18
Answers on the Grid
Answers color-coded by a green-red scale on the quiz's grid according to % correct below.
Air Force One
Syriana
Leon
Harry Potter and the Prisoner of Azkaban
Crash
Sid & Nancy
Prick Up Your Ears
Avengers Assemble
Dawn of the Planet of the Apes
Braveheart
The Fifth Elemen
Basquiat
Mad Max
Oppenheimer
Jurassic World
The Hunger Games
Hoffa
State of Grace
Hannibal
Lost in Space
Child 44
Spotlight
The Queen
Criminal Law
Assassins
True Romance
JFK
Minority Report
Darkest Hour
The Dark Knight
 
Answer Stats
Answer % Correct
Harry Potter and the Prisoner of Azkaban
87%
The Dark Knight
73%
Darkest Hour
59%
The Fifth Elemen
54%
Air Force One
47%
Leon
44%
Sid & Nancy
44%
Oppenheimer
37%
Dawn of the Planet of the Apes
36%
JFK
33%
True Romance
33%
Lost in Space
29%
Hannibal
22%
Prick Up Your Ears
22%
Child 44
21%
State of Grace
19%
Basquiat
18%
Criminal Law
18%
No matching quizzes found
Score Distribution
Percent of People with Each Score
Percentile by Number Answered
Your Score History
You have not taken this quiz